00504nam a2200193 a 4500001001300000003000900013005001700022008004100039020000900080082001600089100003100105245002800136260003800164300000700202500003500209505002400244650001100268700003100279nice12345678IN_TiNIC20260116013937.0050524s1996 hyda grp 000 0 eng  ac3500a297.4bHAS1 aHasrat, M A Qadeer Siddiqi aSiddiqui`s Elucidations aHyderabadbIzzat Pub. Housec1996 a47 aincludes index and biblioraphy2 areference and notes aSufism1 aHasrat, M A Qadeer Siddiqi